Vista normal
Vista MARC
Entrada Materia (personas)
Número de registros utilizados en: 2
001 - CONTROL NUMBER
- control field: 83216
003 - CONTROL NUMBER IDENTIFIER
- control field: Co-BoUCM
005 - DATE AND TIME OF LATEST TRANSACTION
- control field: 20170111091110.0
008 - FIXED-LENGTH DATA ELEMENTS
- fixed length control field: 170111|| aca||aabn | a|a d
040 ## - CATALOGING SOURCE
- Original cataloging agency: Co-BoUCM
- Transcribing agency: Co-BoUCM
100 ## - HEADING--PERSONAL NAME
- Personal name: Péronne, Joseph Maxence
- Dates associated with a name: 1823-1892
670 ## - SOURCE DATA FOUND
- Source citation: Work cat.: (Co-BoUCM)305742: Lapide, Cornelius Cornelii à 1567-1637 83214, Commentaria in Scripturam Santam , 1874-1879